[Event "27. Friedensfest-Open (AFRO-A)"]
[Site "Augsburg"]
[Date "2022.08.05"]
[Round "4.35"]
[White "Frenkel, Matthias"]
[Black "Kwossek, Georg"]
[Result "1/2-1/2"]
[WhiteElo "1667"]
[BlackElo "1981"]
[EventDate "2022.08.04"]
[Time "15:30:00"]
[WhiteTeam "SK Kriegshaber"]
[BlackTeam "SC Kitzingen von 1905"]

1.Nf3 f5 2.e3 Nf6 3.d4 g6 4.c4 Bg7 5.Nc3 O-O 6.b3 d6 7.Bb2 Qe8 8.Be2 Na6 
9.O-O e5 10.dxe5 dxe5 11.Qd2 h6 12.Rad1 g5 13.Nd5 Ne4 14.Qc1 g4 15.Nd2 Ng5
16.Rfe1 c6 17.Nc3 Qg6 18.Bf1 Be6 19.Ne2 Nc5 20.Qc2 Rad8 21.Nb1 Nce4 22.
Rxd8 Rxd8 23.Ng3 h5 24.Rd1 Re8 25.Nxe4 Nxe4 26.g3 h4 27.Bg2 hxg3 28.hxg3 
Ng5 29.Nd2 e4 30.Nb1 Nf3+ 31.Kf1 Qh7 32.Bxg7 Qxg7 33.Nc3 Qh7 34.Ne2 Nh2+ 
35.Ke1 Nf3+ 36.Kf1 1/2-1/2

[Event "27. Friedensfest-Open (AFRO-A)"]
[Site "Augsburg"]
[Date "2022.08.05"]
[Round "3.4"]
[White "Karsay, Pascal"]
[Black "Struck, Christian"]
[Result "1-0"]
[WhiteElo "2270"]
[BlackElo "1933"]
[EventDate "2022.08.04"]
[Time "09:30:00"]
[WhiteTeam "SV Worms 1878"]
[BlackTeam "SF Augsburg"]

1.Nf3 d6 2.d4 g6 3.e4 Bg7 4.Bc4 e6 5.Bb3 b6 6.c4 Bb7 7.Nc3 Ne7 8.Be3 Nd7 
9.Bc2 a6 10.Qd2 h6 11.Ng1 e5 12.d5 f5 13.f3 Nf6 14.Nge2 f4 15.Bf2 Bc8 16.
g3 g5 17.Rg1 Nh5 18.O-O-O Bd7 19.Kb1 Kf7 20.Nc1 Ng6 21.Nd3 Rf8 22.a3 Kg8 
23.Qe2 Qc8 24.b4 g4 25.c5 bxc5 26.bxc5 fxg3 27.hxg3 gxf3 28.Qd2 Rb8+ 29.
Ka2 Nf6 30.c6 Bg4 31.Ba7 f2 32.Nxf2 Bxd1 33.Bxd1 Ra8 34.Be3 h5 35.Rh1 Ng4 
36.Nxg4 hxg4 37.Qh2 Rf3 38.Bxf3 gxf3 39.Qh7+ Kf7 40.Qh5 Qe8 41.Qxf3+ Kg8 
42.Rh5 Rb8 43.Qg4 Nf4 44.gxf4 exf4 45.Bd4 1-0

[Event "27. Friedensfest-Open (AFRO-A)"]
[Site "Augsburg"]
[Date "2022.08.06"]
[Round "6.27"]
[White "Frenkel, Matthias"]
[Black "Roehr, Oliver"]
[Result "0-1"]
[WhiteElo "1667"]
[BlackElo "2141"]
[EventDate "2022.08.04"]
[Time "15:30:00"]
[WhiteTeam "SK Kriegshaber"]
[BlackTeam "SV Mattnetz Berlin e.V."]

1.Nf3 f5 2.e3 Nf6 3.d4 g6 4.c4 Bg7 5.b3 O-O 6.Bb2 e6 7.Be2 d5 8.Nc3 c6 9.
a4 Ne4 10.Qc2 Nd7 11.Rc1 Qe7 12.Qb1 Qf7 13.g3 h6 14.h4 Re8 15.Qa1 b6 16.a5
Rb8 17.b4 Qe7 18.Qa4 bxa5 19.b5 Nb6 20.Qxa5 Nxc4 21.Bxc4 dxc4 22.Ba3 Qb7 
23.bxc6 Qxc6 24.Ke2 Bb7 25.Nd2 Nxg3+ 26.fxg3 Qg2+ 27.Kd1 Qxh1+ 28.Kc2 Qc6 
29.Nb5 c3 30.Nxc3 Ba6 31.Bc5 Rb7 32.Ra1 Bb5 33.Qa3 a6 34.Rg1 Bf8 35.Nb3 
Qf3 36.Nd1 Qe4+ 37.Kc1 Qd3 38.Qb2 Bc4 0-1

[Event "27. Friedensfest-Open (AFRO-A)"]
[Site "Augsburg"]
[Date "2022.08.06"]
[Round "5.2"]
[White "Karsay, Pascal"]
[Black "Nasshan, Dennis"]
[Result "1/2-1/2"]
[WhiteElo "2270"]
[BlackElo "2312"]
[EventDate "2022.08.04"]
[Time "09:30:00"]
[WhiteTeam "SV Worms 1878"]
[BlackTeam "SV Worms 1878"]

1.Nf3 c5 2.b3 d6 3.Bb2 e5 4.e3 Nc6 5.Nc3 Nf6 6.Bb5 Be7 7.d4 e4 8.d5 a6 9.
Bf1 Nb4 10.Ng1 Qa5 11.Ke2 1/2-1/2

[Event "27. Friedensfest-Open (AFRO-A)"]
[Site "Augsburg"]
[Date "2022.08.06"]
[Round "5.10"]
[White "Rentschler, Hans-Joachim"]
[Black "Kleih, Julian"]
[Result "1/2-1/2"]
[WhiteElo "2087"]
[BlackElo "1868"]
[EventDate "2022.08.04"]
[Time "09:30:00"]
[WhiteTeam "TSV Langenau"]
[BlackTeam "SV Dettingen Erms"]

1.Nf3 c5 2.g3 g6 3.Bg2 Bg7 4.e4 Nc6 5.O-O Nf6 6.d3 O-O 7.Nc3 d5 8.exd5 
Nxd5 9.Bd2 Be6 10.Ng5 Nxc3 11.Bxc3 Bd5 12.Bxg7 Kxg7 13.Ne4 b6 14.Re1 Qd7 
15.Nc3 Bxg2 16.Kxg2 Nd4 17.f3 h5 18.h4 Rad8 19.Qd2 Qf5 20.Qf2 Rfe8 1/2-1/2

[Event "27. Friedensfest-Open (AFRO-A)"]
[Site "Augsburg"]
[Date "2022.08.06"]
[Round "5.9"]
[White "Brixel, Christof, Dr."]
[Black "Weller, Uli"]
[Result "0-1"]
[WhiteElo "1964"]
[BlackElo "2190"]
[EventDate "2022.08.04"]
[Time "09:30:00"]
[WhiteTeam "?"]
[BlackTeam "SF Augsburg"]

1.Nf3 c5 2.b4 cxb4 3.a3 bxa3 4.e4 d6 5.d4 Nf6 6.Bd3 g6 7.h3 Bg7 8.O-O O-O 
9.Rxa3 Nc6 10.Be3 d5 11.e5 Ne8 12.Qd2 f6 13.exf6 Bxf6 14.Bh6 Ng7 15.c3 e5 
16.dxe5 Nxe5 17.Nxe5 Bxe5 18.Re1 Bc7 19.c4 Qd6 20.f4 Be6 21.cxd5 Bxd5 22.
Qc3 Rf7 23.Bxg7 Qxf4 0-1

[Event "27. Friedensfest-Open (AFRO-A)"]
[Site "Augsburg"]
[Date "2022.08.04"]
[Round "2.22"]
[White "Komarov, Jan"]
[Black "Engesser, Jonas"]
[Result "0-1"]
[WhiteElo "1844"]
[BlackElo "2037"]
[EventDate "2022.08.04"]
[Time "15:30:00"]
[WhiteTeam "SK Muenchen Suedost e.V."]
[BlackTeam "SC Garching 1980 e.V."]

1.Nf3 c5 2.c4 g6 3.d4 Bg7 4.Nc3 Nf6 5.g3 O-O 6.Bg2 cxd4 7.Nxd4 Nc6 8.O-O 
Qb6 9.Nc2 d6 10.Ne3 Bd7 11.Ned5 Nxd5 12.Nxd5 Qc5 13.Qa4 Rfd8 14.Be3 Nd4 
15.Qd1 e6 16.Nf4 Qxc4 17.Rc1 Qb4 18.Bd2 Qxb2 19.Bc3 Qb6 20.Rb1 Qc5 21.Bb4 
Qe5 22.e3 Nb5 23.Bxb7 Rab8 24.Ba5 Nc3 25.Bxc3 Qxc3 26.Qxd6 Bb5 27.Qxd8+ 
Rxd8 28.Rxb5 Qc4 29.Ra5 Qb4 30.Rxa7 Bf6 31.Bg2 Qc5 32.Ra8 Rxa8 33.Bxa8 Qa7
34.Bf3 Qxa2 35.h4 Qc4 36.Nh3 h6 37.Nf4 Bb2 38.Be2 Qc2 39.Bf3 Qf5 40.Bg2 g5
41.hxg5 hxg5 42.e4 Qb5 43.Nh3 f6 44.Bf3 Qd3 45.Kg2 Qc4 46.Re1 Qb4 47.Re2 
Kg7 48.Bg4 Kf7 49.Re3 Bc1 50.Bh5+ Kg7 51.Re2 Kh6 52.Bf3 Qc4 53.Re1 Bd2 54.
Rh1 Kg6 55.Ng1 Ba5 56.Ne2 Bb6 57.Rc1 Qb5 58.Rc2 Ba7 59.Ng1 Qb1 60.Re2 Qd3 
61.Ra2 Bd4 62.Re2 Bc5 63.Re1 Qc4 64.Re2 Ba7 65.Re1 Qd4 66.Re2 Bb6 67.Rc2 
g4 68.Re2 gxf3+ 69.Nxf3 Qd3 70.Ng1 Ba7 71.Kf1 Bb6 72.Kg2 Qd1 73.Rb2 Bc5 
74.Ra2 Qd3 75.Re2 Bb4 76.Re3 Qd1 77.Re2 Bd2 78.f4 Ba5 79.f5+ exf5 80.exf5+
Kxf5 81.Rf2+ Kg6 82.Nh3 Bb6 83.Nf4+ Kf7 84.Re2 Qg1+ 85.Kh3 Qf1+ 86.Kg4 Bc7
87.Re4 Qd1+ 88.Kf5 Qd7+ 89.Ne6 Qd5+ 0-1

[Event "27. Friedensfest-Open (AFRO-A)"]
[Site "Augsburg"]
[Date "2022.08.05"]
[Round "3.16"]
[White "Brixel, Christof, Dr."]
[Black "Stork, Simon"]
[Result "1/2-1/2"]
[WhiteElo "1964"]
[BlackElo "2095"]
[EventDate "2022.08.04"]
[Time "09:30:00"]
[WhiteTeam "?"]
[BlackTeam "TSV Langenau"]

1.Nf3 d5 2.b4 Bf5 3.Bb2 e6 4.e3 Nf6 5.b5 a6 6.a4 axb5 7.axb5 Nbd7 8.Rxa8 
Qxa8 9.Nh4 Bg4 10.f3 Bh5 11.g4 Bg6 12.Nxg6 hxg6 13.h4 Bd6 14.Kf2 b6 15.Be2
e5 16.d4 Qd8 17.g5 Nh5 18.dxe5 Nxe5 19.f4 Nc4 20.Bxc4 dxc4 21.Qd5 O-O 22.
Nc3 Re8 23.Ne2 Qe7 24.Bd4 Rd8 25.Ra1 Kh7 26.Ra8 Rxa8 27.Qxa8 Qd7 28.Qd5 
Qg4 29.Ke1 Kg8 30.Kd2 Qxh4 31.Qxc4 Qf2 32.Kc3 Ng3 33.Nc1 Nf5 34.Nd3 Qe2 
35.Ne5 Qe1+ 36.Kb3 Bxe5 37.Bxe5 Nxe3 38.Qxc7 Qb1+ 39.Bb2 Nd1 40.Qd8+ Kh7 
41.Qd4 Nxb2 42.Qxb2 Qf1 43.Qe5 Qb1+ 44.Kc3 Qa1+ 45.Kd2 Qa2 46.Kd3 Qb1 47.
Kc3 Qa1+ 48.Kb3 Qb1+ 49.Qb2 Qf1 50.Qe5 1/2-1/2

[Event "27. Friedensfest-Open (AFRO-A)"]
[Site "Augsburg"]
[Date "2022.08.04"]
[Round "1.29"]
[White "Mueck, Heinz-Peter"]
[Black "Waibel, Manuel"]
[Result "1-0"]
[WhiteElo "1876"]
[BlackElo "1740"]
[EventDate "2022.08.04"]
[WhiteTeam "SC Pluederhausen"]
[BlackTeam "Schachges. Augsburg 1873"]

1.Nf3 d5 2.d3 Nf6 3.c3 Nc6 4.Qc2 e5 5.e4 Be7 6.g3 Be6 7.Ng5 Qd7 8.Be2 h6 
9.Nxe6 Qxe6 10.Nd2 O-O 11.O-O Rad8 12.a3 a6 13.Re1 dxe4 14.dxe4 Bc5 15.b4 
Ba7 16.Nf1 Ne7 17.Be3 Bxe3 18.fxe3 Rd6 19.Rad1 Rfd8 20.Rxd6 Rxd6 21.c4 Qd7
22.c5 Qc6 23.b5 axb5 24.Bxb5 Qxb5 25.cxd6 cxd6 26.Rb1 Qd7 27.Qb3 Nxe4 28.
Qxb7 Qxb7 29.Rxb7 Nd5 30.g4 g6 31.Kg2 Kg7 32.h4 Kf6 33.Kf3 Nc5 34.Rb8 h5 
35.g5+ Ke6 36.Nd2 Ne7 37.e4 Nc6 38.Ra8 Nd4+ 39.Kf2 Nd3+ 40.Ke3 Nf4 41.Kf2 
Nd3+ 42.Kf1 Nc5 43.a4 d5 44.a5 dxe4 45.Re8+ Kd5 46.Rd8+ Kc6 47.Nc4 Nf3 48.
Kf2 Ne6 49.Rd6+ Kc5 50.Rxe6 Kxc4 51.a6 Nd4 52.a7 1-0

[Event "27. Friedensfest-Open (AFRO-A)"]
[Site "Augsburg"]
[Date "2022.08.06"]
[Round "6.29"]
[White "Geutner, Steffen"]
[Black "Schwertler, Philip"]
[Result "1-0"]
[WhiteElo "1929"]
[BlackElo "2112"]
[EventDate "2022.08.04"]
[Time "15:30:00"]
[WhiteTeam "TSV Langenau"]
[BlackTeam "SV Ilmmuenster"]

1.Nf3 d5 2.b3 Nf6 3.Bb2 Bf5 4.g3 Nc6 5.Bg2 Qd7 6.h3 O-O-O 7.d3 h5 8.Nbd2 
e6 9.a3 Bd6 10.c4 Rhg8 11.Qc2 Be7 12.b4 e5 13.Nxe5 Nxe5 14.Bxe5 Qe6 15.Qc3
Rd7 16.O-O-O Bg6 17.d4 Bd6 18.Bxf6 Qxf6 19.Rhf1 dxc4 20.Nxc4 Re8 21.e3 Kb8
22.Kb2 Qe6 23.Na5 Be4 24.Bxe4 Qxe4 25.h4 f6 26.Rc1 Qf3 27.Nc4 Bf8 28.Nd2 
Qe2 29.Rce1 Qb5 30.Qc4 Qb6 31.Nb3 g5 32.Qg8 Red8 33.Qg6 gxh4 34.gxh4 Rd5 
35.Rc1 a5 36.Rc4 axb4 37.a4 Qd6 38.Rfc1 Qe7 39.Qc2 c6 40.e4 Rxd4 41.Rxd4 
Qe5 42.Rd1 c5 43.f4 1-0

[Event "27. Friedensfest-Open (AFRO-A)"]
[Site "Augsburg"]
[Date "2022.08.04"]
[Round "2.40"]
[White "Frenkel, Matthias"]
[Black "Boehm, Bruno"]
[Result "1/2-1/2"]
[WhiteElo "1667"]
[BlackElo "1796"]
[EventDate "2022.08.04"]
[Time "15:30:00"]
[WhiteTeam "SK Kriegshaber"]
[BlackTeam "SK Freising"]

1.Nf3 d5 2.e3 Nf6 3.d4 c5 4.Be2 Nc6 5.O-O e6 6.Nbd2 cxd4 7.exd4 Bd6 8.c3 
O-O 9.Re1 e5 10.dxe5 Nxe5 11.Nxe5 Bxe5 12.Nf3 Bc7 13.Bg5 Be6 14.Qd4 h6 15.
Bxf6 Qxf6 16.Qxf6 gxf6 17.Nd4 a6 18.Bf3 Be5 19.Rad1 Rad8 20.Re2 Rfe8 21.g3
Kg7 22.Kg2 Kg6 23.Red2 Rd6 24.Nb3 Red8 25.Nc5 Rb6 26.Be2 Rc8 27.Nb3 f5 28.
f4 Bc7 29.Rd4 Bd8 30.Bf3 Bf6 31.R4d2 d4 32.cxd4 Bxb3 33.axb3 Rxb3 34.d5 b5
35.d6 Rd8 36.Bb7 a5 37.d7 a4 38.Bc6 Bxb2 39.Bd5 Rb4 40.Ba2 a3 41.Rc2 Rd4 
42.Rc6+ Kg7 43.Rxd4 Bxd4 44.Rd6 Bf6 45.Kf3 b4 46.Ke3 Rb8 47.Bb3 Bd8 48.Rd2
Rb6 49.Ke2 Kf6 50.Kd1 Ke7 51.Kc2 Rc6+ 52.Kb1 Rc3 53.Ka2 Re3 54.Bc2 Ke6 55.
Bd1 Kf6 56.Re2 Re6 57.h3 Rd6 58.Ba4 Re6 59.Rxe6+ fxe6 60.Kb3 Ke7 61.g4 
fxg4 62.hxg4 Bc7 63.f5 exf5 64.gxf5 Be5 65.Bc6 h5 66.Bd5 Kxd7 67.Kxb4 Bd6+
68.Kb3 Ke7 69.Kc2 Kf6 70.Kd2 Ke5 71.Be6 h4 72.Ke2 Be7 73.Kf3 Bf6 74.Kg2 
Kd4 75.Kh1 Kc3 76.Kg1 Kb2 77.Kh1 a2 78.Bxa2 Kxa2 79.Kh2 Kb3 80.Kh1 Kc4 81.
Kg1 Kd3 82.Kh1 Ke4 83.Kg1 Kf3 84.Kh1 1/2-1/2

[Event "27. Friedensfest-Open (AFRO-A)"]
[Site "Augsburg"]
[Date "2022.08.06"]
[Round "6.8"]
[White "Weiss, Thomas"]
[Black "Hauser, Carlos, Dr."]
[Result "1/2-1/2"]
[WhiteElo "1970"]
[BlackElo "2253"]
[EventDate "2022.08.04"]
[Time "15:30:00"]
[WhiteTeam "DJK-Regensburg Nord e.V."]
[BlackTeam "SV 1947 Walldorf"]

1.Nf3 d5 2.g3 Nf6 3.Bg2 c5 4.O-O Nc6 5.d4 e6 6.c4 dxc4 7.dxc5 Qxd1 8.Rxd1 
Bxc5 9.Nbd2 c3 10.bxc3 O-O 11.Nb3 Be7 12.c4 Bd7 1/2-1/2

[Event "27. Friedensfest-Open (AFRO-A)"]
[Site "Augsburg"]
[Date "2022.08.04"]
[Round "2.3"]
[White "Nasshan, Dennis"]
[Black "Schwertler, Philip"]
[Result "1-0"]
[WhiteElo "2312"]
[BlackElo "2112"]
[EventDate "2022.08.04"]
[Time "15:30:00"]
[WhiteTeam "SV Worms 1878"]
[BlackTeam "SV Ilmmuenster"]

1.Nf3 d5 2.g3 Nf6 3.Bg2 c5 4.O-O Nc6 5.d4 e6 6.c4 Be7 7.cxd5 Nxd5 8.dxc5 
Bxc5 9.a3 O-O 10.Qc2 Be7 11.Rd1 Qc7 12.e4 Ne5 13.Qxc7 Nxf3+ 14.Bxf3 Nxc7 
15.Bf4 Na6 16.Nc3 g5 17.Be3 e5 18.Nd5 Bd8 19.Rac1 Be6 20.b4 b6 21.Be2 Nb8 
22.Nc7 Bxc7 23.Rxc7 h6 24.h4 f6 25.Rd6 Bb3 26.f3 Ba2 27.Rc2 Bb3 28.Rb2 Ba4
29.Bc4+ Kg7 30.Bd5 1-0

[Event "27. Friedensfest-Open (AFRO-A)"]
[Site "Augsburg"]
[Date "2022.08.04"]
[Round "1.19"]
[White "Brixel, Christof, Dr."]
[Black "Manko, Mariya"]
[Result "0-1"]
[WhiteElo "1964"]
[BlackElo "2087"]
[EventDate "2022.08.04"]
[WhiteTeam "?"]
[BlackTeam "Schachges. Augsburg 1873"]

1.Nf3 g6 2.b4 Bg7 3.d4 Nf6 4.Bb2 d5 5.e3 O-O 6.c4 c6 7.Be2 Bg4 8.Nbd2 Ne4 
9.Nxe4 dxe4 10.Ng5 Bxe2 11.Qxe2 e5 12.Nxe4 exd4 13.O-O Re8 14.Nc5 Qe7 15.
Rad1 b6 16.Nb3 dxe3 17.Bxg7 Kxg7 18.Rfe1 Qxb4 19.Qb2+ Kg8 20.Rxe3 Na6 21.
Qe2 Rxe3 22.Qxe3 Qxc4 23.Rd4 Qc2 24.h4 h5 25.Rd6 Nc7 26.Nd4 Qd1+ 27.Kh2 
Qg4 28.Nxc6 Qxh4+ 29.Kg1 Re8 30.Qd2 Qc4 31.Nxa7 Re2 32.Qg5 Ne6 33.Qf6 Qc1+
34.Kh2 Qc5 35.Rc6 Qxf2 36.Rc8+ Nf8 37.Qg5 Kg7 38.Rc4 Ne6 39.Qg3 Qxg3+ 40.
Kxg3 Rxa2 41.Nc8 Rb2 42.Rc6 b5 43.Rb6 b4 44.Nd6 Nc5 45.Rb5 Nd3 46.Rb7 Rf2 
47.Rb5 Rf4 48.Ne8+ Kh6 49.Rd5 Rg4+ 50.Kh2 Rxg2+ 0-1

[Event "27. Friedensfest-Open (AFRO-A)"]
[Site "Augsburg"]
[Date "2022.08.06"]
[Round "6.18"]
[White "Manko, Mariya"]
[Black "Lerchl, Clemens"]
[Result "1-0"]
[WhiteElo "2087"]
[BlackElo "1908"]
[EventDate "2022.08.04"]
[Time "15:30:00"]
[WhiteTeam "Schachges. Augsburg 1873"]
[BlackTeam "Schach-Club Vaterstetten-Grasbru"]

1.Nf3 Nf6 2.d4 g6 3.g3 Bg7 4.Bg2 O-O 5.O-O d6 6.c4 Nbd7 7.Qc2 e5 8.Rd1 Qe7
9.Nc3 c6 10.e4 Re8 11.b3 exd4 12.Nxd4 Nc5 13.f3 Ne6 14.Nxe6 Bxe6 15.Ba3 
Red8 16.Rd3 Qc7 17.Rad1 d5 18.exd5 cxd5 19.Qd2 d4 20.Nb5 Qb6 21.Qf2 Bf5 
22.Rxd4 Rxd4 23.Qxd4 Rd8 24.Nd6 Qxd4+ 25.Rxd4 Ne8 26.Rd2 Bc3 27.Rd5 Be6 
28.Rd3 Be5 29.c5 b6 30.f4 Bg7 31.Bc6 bxc5 32.Bxe8 Bf8 33.Bxc5 Bxd6 34.Rxd6
Rxe8 35.Bxa7 Rc8 36.Bd4 Kf8 37.Bf6 Re8 38.Rb6 Bc8 39.a4 Re6 40.Rb8 Rc6 41.
b4 Ke8 42.b5 Rc1+ 43.Kf2 Kd7 44.a5 Rc5 45.a6 Kc7 46.a7 1-0

[Event "27. Friedensfest-Open (AFRO-A)"]
[Site "Augsburg"]
[Date "2022.08.04"]
[Round "1.23"]
[White "Geutner, Steffen"]
[Black "Lang, Thomas"]
[Result "0-1"]
[WhiteElo "1929"]
[BlackElo "1792"]
[EventDate "2022.08.04"]
[WhiteTeam "TSV Langenau"]
[BlackTeam "SG Schwaebisch Gmuend 1872 e.V"]

1.Nf3 Nf6 2.b3 g6 3.Bb2 Bg7 4.g3 d6 5.d4 O-O 6.Bg2 c6 7.O-O Nbd7 8.Nbd2 
Qc7 9.e4 b5 10.Re1 Bb7 11.c4 b4 12.Qc2 Ne8 13.e5 e6 14.c5 d5 15.a3 bxa3 
16.Rxa3 Qb8 17.Nb1 Nc7 18.Ng5 f6 19.exf6 Bxf6 20.Nf3 Nb5 21.Ra2 Qc7 22.Bh3
Rae8 23.Bxe6+ Kg7 24.Qd2 Bc8 25.Bxd7 Bxd7 26.Ne5 Bh3 27.f4 Bxe5 28.dxe5 
Qe7 29.b4 Qe6 30.Nc3 d4 31.Nxb5 Qxa2 32.Nd6 Re7 33.Qxd4 Qd5 34.Qxd5 cxd5 
35.Rd1 Be6 36.Kg2 Rb8 37.Bc3 Rc7 38.Ra1 Kf8 39.Kf2 Ke7 40.Ke3 Bd7 41.Ra5 
Rf8 42.Kd4 g5 43.Bd2 gxf4 44.Bxf4 Bc6 45.b5 Ba8 46.Ra6 h5 47.Bg5+ Kd7 48.
e6+ Kxe6 49.Ne8+ Rc6 50.bxc6 Rxe8 51.c7+ Kd7 52.Bd8 Re4+ 53.Kd3 Kc8 54.
Rxa7 Bc6 55.Ra2 Bb5+ 56.Kc3 Rc4+ 57.Kd2 Bc6 58.Rb2 Bb7 59.c6 Rxc6 60.Ke3 
Rc4 61.Rd2 Re4+ 62.Kf2 d4 63.Rd3 Ba6 64.Ra3 Re6 65.Ra5 d3 66.Rd5 Re2+ 0-1

[Event "27. Friedensfest-Open (AFRO-A)"]
[Site "Augsburg"]
[Date "2022.08.06"]
[Round "5.28"]
[White "Pikal, Alexander, Dr."]
[Black "Muench, Klaus-Norbert, Dr."]
[Result "1/2-1/2"]
[WhiteElo "1958"]
[BlackElo "2149"]
[EventDate "2022.08.04"]
[Time "09:30:00"]
[WhiteTeam "SC Ansbach 1855 e.V."]
[BlackTeam "Schachges. Augsburg 1873"]

1.Nf3 Nf6 2.e3 g6 3.d4 Bg7 4.Nbd2 O-O 5.Bd3 d5 6.O-O c5 7.c3 Nc6 8.Re1 Re8
9.h3 e5 10.dxe5 Nxe5 11.Nxe5 Rxe5 12.Qf3 Bd7 13.Qe2 Bc6 14.Nf3 Re8 15.Bb5 
Qb6 16.a4 Rad8 17.Bxc6 bxc6 18.Rd1 Ne4 19.Qc2 Rb8 20.Ra3 c4 21.a5 Qb7 22.
Nd2 Nc5 23.Ra2 f5 24.Nf3 Qb3 25.Qxb3 Rxb3 26.Ne1 Reb8 27.g4 fxg4 28.hxg4 
Ne4 29.f3 Nc5 30.Kf2 R3b5 31.Ke2 Nb3 32.Bd2 Nxa5 33.Rb1 Nb3 34.Nc2 a5 35.
Nd4 Bxd4 36.cxd4 Nxd2 37.Kxd2 Rb3 38.Rxa5 c3+ 39.Kc2 Rxb2+ 40.Rxb2 cxb2 
41.Kb1 Rb3 42.e4 Rxf3 43.exd5 cxd5 44.Rxd5 Rf4 45.g5 Rf2 46.Re5 Kf7 47.Re4
Rg2 48.Re5 Rf2 49.Re4 Rd2 50.Ka2 Rg2 51.Re5 Rg4 52.d5 Rg2 53.d6 Rd2 54.
Re7+ Kf8 55.Rxh7 Rxd6 56.Kxb2 Rd5 57.Kc3 Rxg5 58.Kd3 Re5 59.Kd4 Re1 60.Kd3
g5 61.Kd4 Kg8 62.Rh5 Rg1 63.Ke4 Kg7 64.Kf5 1/2-1/2

[Event "27. Friedensfest-Open (AFRO-A)"]
[Site "Augsburg"]
[Date "2022.08.05"]
[Round "3.5"]
[White "Mueck, Heinz-Peter"]
[Black "Feldmann, Johannes"]
[Result "0-1"]
[WhiteElo "1876"]
[BlackElo "2240"]
[EventDate "2022.08.04"]
[Time "09:30:00"]
[WhiteTeam "SC Pluederhausen"]
[BlackTeam "SV Worms 1878"]

1.Nf3 Nf6 2.d3 d5 3.c3 c5 4.Qc2 Nc6 5.e4 Bg4 6.Nbd2 e6 7.h3 Bh5 8.g4 Bg6 
9.Nh4 dxe4 10.dxe4 Nxe4 11.Nxg6 Nxd2 12.Bxd2 hxg6 13.Bg2 Qc7 14.O-O-O 
O-O-O 15.f4 Bd6 16.Rhf1 Ne7 17.Qa4 Kb8 18.c4 Nc6 19.a3 f5 20.Kb1 Be7 21.
Bxc6 Qxc6 22.Qxc6 bxc6 23.Rf3 Rd4 24.b3 Rhd8 25.Kc2 Kc8 26.Rff1 Rd3 27.Ba5
Rxd1 28.Rxd1 Rxd1 29.Kxd1 g5 30.Bd2 gxf4 31.Bxf4 Kd7 32.Be5 g6 33.Ke2 Bd6 
34.Bc3 e5 35.gxf5 gxf5 36.b4 cxb4 37.axb4 a6 38.c5 Bc7 39.Kd3 Ke6 40.Kc4 
Bd8 41.Be1 f4 42.Kd3 Kf5 43.Ke2 Ke4 44.Bf2 Bg5 45.Kd1 Kf3 46.Ke1 Kg2 47.h4
Bh6 48.Ke2 f3+ 0-1

[Event "27. Friedensfest-Open (AFRO-A)"]
[Site "Augsburg"]
[Date "2022.08.04"]
[Round "2.6"]
[White "Manko, Mariya"]
[Black "Karsay, Pascal"]
[Result "1/2-1/2"]
[WhiteElo "2087"]
[BlackElo "2270"]
[EventDate "2022.08.04"]
[Time "15:30:00"]
[WhiteTeam "Schachges. Augsburg 1873"]
[BlackTeam "SV Worms 1878"]

1.Nf3 Nf6 2.c4 e6 3.g3 d5 4.Bg2 Be7 5.d4 O-O 6.Qc2 c6 7.O-O b6 8.Rd1 Nbd7 
9.b3 h6 10.Nc3 Ba6 11.Nd2 Rc8 12.e4 dxc4 13.bxc4 e5 14.dxe5 Ng4 15.Nf3 Bc5
16.Nd4 Ngxe5 17.Bf4 Qf6 18.Nb3 Rcd8 19.Nxc5 Nxc5 20.Na4 Ncd3 21.Bxe5 Nxe5 
22.c5 Bd3 23.Qc3 Bb5 24.Nb2 Nf3+ 25.Qxf3 Qxb2 26.Qb3 Qxb3 27.axb3 bxc5 28.
Rdc1 Rd3 29.Rab1 a6 30.Rxc5 Rfd8 31.Bf1 R3d4 32.Ra1 Rd1 33.Rcc1 Rxc1 34.
Rxc1 Kf8 35.Bxb5 cxb5 36.Kf1 Ke7 37.Ke2 Rd7 38.Rc6 Ra7 39.b4 Kd7 40.Rc5 a5
41.bxa5 Rxa5 42.e5 Ra2+ 43.Ke3 Rb2 44.f4 Ke6 45.Ke4 Rb4+ 46.Kf3 h5 47.Rc7 
Rb1 48.Ke4 Re1+ 49.Kd4 Re2 50.h3 g6 51.g4 hxg4 1/2-1/2

[Event "27. Friedensfest-Open (AFRO-A)"]
[Site "Augsburg"]
[Date "2022.08.04"]
[Round "2.14"]
[White "Muench, Klaus-Norbert, Dr."]
[Black "Schindler, Alexander"]
[Result "1-0"]
[WhiteElo "2149"]
[BlackElo "1970"]
[EventDate "2022.08.04"]
[Time "15:30:00"]
[WhiteTeam "Schachges. Augsburg 1873"]
[BlackTeam "SF Augsburg"]

1.Nf3 Nf6 2.g3 e6 3.Bg2 d5 4.O-O Be7 5.d3 O-O 6.Nbd2 c5 7.e4 Nc6 8.Qe2 b6 
9.Re1 Bb7 10.e5 Nd7 11.c4 dxc4 12.Nxc4 Qc7 13.Bf4 Rfd8 14.Ng5 Nf8 15.Qh5 
Bxg5 16.Bxg5 Rxd3 17.Nd6 Na5 18.Nxb7 Nxb7 19.Re4 Ng6 20.Rae1 Rc8 21.Rg4 
Qd7 22.Be4 Rd1 23.Rxd1 Qxd1+ 24.Kg2 Qd7 25.Bf6 c4 26.Rh4 h6 27.Rg4 Nc5 28.
Bxg6 fxg6 29.Rxg6 Qd5+ 30.Kh3 Rc7 31.Qxh6 Qb7 32.Rg4 Nd3 33.Qe3 Nxb2 34.
Qc3 Nd1 35.Qd4 Rd7 36.Rxg7+ Rxg7 37.Bxg7 1-0

[Event "27. Friedensfest-Open (AFRO-A)"]
[Site "Augsburg"]
[Date "2022.08.05"]
[Round "4.15"]
[White "Weiss, Thomas"]
[Black "Blodig, Samuel"]
[Result "1-0"]
[WhiteElo "1970"]
[BlackElo "1479"]
[EventDate "2022.08.04"]
[Time "15:30:00"]
[WhiteTeam "DJK-Regensburg Nord e.V."]
[BlackTeam "TV Riedenburg Schach"]

1.Nf3 Nf6 2.g3 d6 3.d4 Nc6 4.Bg2 Bg4 5.d5 Ne5 6.O-O Qd7 7.Re1 Bh3 8.e4 h5 
9.Nh4 Nh7 10.f4 Ng6 11.f5 Bg4 12.Qd4 Ne5 13.h3 g5 14.fxg6 Bxh3 15.gxh7 
Rxh7 16.Nc3 Rg7 17.Bf4 Bxg2 18.Kxg2 Qg4 19.Kf2 c5 20.Qd1 Qh3 21.Rh1 Ng4+ 
22.Ke2 Nh2 23.Qg1 e5 24.dxe6 Qg4+ 25.Ke3 fxe6 26.Qxh2 d5 27.Kd2 dxe4 28.
Nxe4 O-O-O+ 29.Kc1 Rgd7 30.Nc3 e5 31.Qe2 exf4 32.Qxg4 hxg4 33.gxf4 Bh6 34.
Ng2 Rh7 35.Kb1 b5 36.a3 b4 37.axb4 cxb4 38.Ne4 Re7 39.Rxh6 Rxe4 40.Rxa7 
Kb8 41.Rg7 g3 42.Rxg3 Re7 1-0

[Event "27. Friedensfest-Open (AFRO-A)"]
[Site "Augsburg"]
[Date "2022.08.04"]
[Round "2.27"]
[White "Weiss, Thomas"]
[Black "Nowak, Maciej"]
[Result "1-0"]
[WhiteElo "1970"]
[BlackElo "1642"]
[EventDate "2022.08.04"]
[Time "15:30:00"]
[WhiteTeam "DJK-Regensburg Nord e.V."]
[BlackTeam "?"]

1.Nf3 Nf6 2.g3 d5 3.Bg2 Bf5 4.O-O h6 5.c4 e6 6.Qb3 Qc8 7.Nc3 c6 8.d3 Bd6 
9.Re1 Nbd7 10.cxd5 Nc5 11.Qd1 Nxd5 12.Nxd5 cxd5 13.e4 Bh7 14.exd5 O-O 15.
d4 Nd3 16.Re3 Nb4 17.dxe6 fxe6 18.Rc3 Qd7 19.Be3 Nd5 20.Rcc1 Qe7 21.Qe2 
Be4 22.Bg5 Bxf3 23.Bxe7 Bxe2 24.Bxd6 Rfd8 25.Be5 Bg4 26.h3 Bf5 27.g4 Bg6 
28.Re1 Rd7 29.Rac1 Rf8 30.Be4 Bxe4 31.Rxe4 Rdf7 32.Bd6 Re8 33.Rce1 Rf6 34.
Kg2 g5 35.Kg3 Kf7 36.Rc1 Rd8 37.Be5 Rg6 38.h4 gxh4+ 39.Kxh4 Rdg8 40.f3 Rg5
41.Rc4 Ke7 42.Ra4 a6 43.Ra3 Kd7 44.Rb3 b6 45.Rd3 Ke7 46.Rd2 Kd7 47.Rc2 Ke7
48.Rc6 Kd7 49.Rd6+ Ke7 50.Bh2 R8g6 51.Be5 Rg8 52.Re2 R8g6 53.Rxd5 exd5 54.
Bf4+ Kf6 55.Rc2 Kf7 56.Rc7+ Ke8 57.Bxg5 hxg5+ 58.Kh5 Rf6 59.Rc3 Rf4 60.Rd3
Kf7 61.Kxg5 Rf6 62.Rc3 Re6 63.Rc7+ Kf8 64.Rb7 b5 65.Ra7 Ke8 66.b3 Kf8 67.
f4 Re4 68.f5 Rxd4 69.Kf6 Kg8 70.g5 Re4 71.Ra8+ Kh7 72.g6+ 1-0

[Event "27. Friedensfest-Open (AFRO-A)"]
[Site "Augsburg"]
[Date "2022.08.04"]
[Round "1.25"]
[White "Dannehr, Juergen"]
[Black "Niekisch, Dirk"]
[Result "1-0"]
[WhiteElo "1922"]
[BlackElo "1770"]
[EventDate "2022.08.04"]
[WhiteTeam "SV Gifhorn"]
[BlackTeam "SV Worms 1878"]

1.Nf3 Nf6 2.g3 g6 3.Bg2 Bg7 4.O-O O-O 5.c4 c5 6.Nc3 Nc6 7.d4 cxd4 8.Nxd4 
Nxd4 9.Qxd4 d6 10.Qd3 Rb8 11.Be3 b6 12.Bd4 e5 13.Be3 Bf5 14.Qd2 Qd7 15.
Rfd1 Ne8 16.b3 Rd8 17.a4 Bh3 18.a5 Bxg2 19.Kxg2 bxa5 20.Nd5 f5 21.Rxa5 f4 
22.Rxa7 Qg4 23.Bb6 f3+ 24.exf3 Qxf3+ 25.Kg1 Rb8 26.b4 Kh8 27.Be3 Rf5 28.
Rda1 Rf7 29.b5 e4 30.Rxf7 Qxf7 31.Bd4 Nf6 32.Ra7 Qe6 33.Bxf6 Bxf6 34.Qh6 
Kg8 35.Qxh7+ Kf8 36.Qh6+ Ke8 1-0